000 01235nam a2200349 c 4500
999 _c21502
_d21502
001 21502
003 ES-MaCES
005 20190611120035.0
008 080926s2008 sp l o000 | spa d
017 _aM 3082-2002
_bDL
024 7 _a601-08-187-5
_2nipo
035 _aCES20080009469m
040 _aES-MaCES
_bspa
_cES-MaCES
110 1 _aEspaña
_tLey de contrato de seguro
_d1980
_92910
245 1 0 _aLey de contrato de seguro
_b: (actualización junio 2008)
260 _a[Madrid]
_bMinisterio de Economía y Hacienda, Centro de Publicaciones
_c2008
300 _a45 p.
_c17 cm
490 1 _aTextos legales / separata del Boletín Oficial del Ministerio de Economía y Hacienda
_v12-2008
500 _aÍndices
541 _cGratuito
650 4 _acontrato
_929505
650 4 _aseguros
_928121
650 4 _aEspaña
_926964
650 4 _alegislación económica
_927161
650 4 _atexto
_929624
653 1 0 _aLegislación
710 1 _aEspaña
_bMinisterio de Economía y Hacienda
_eed.
_93237
830 0 _aTextos legales / separata del Boletín Oficial del Ministerio de Economía y Hacienda
_v12-2008
_934038
902 _aLIB Libro
942 _2CES
_cBK
_h6.1.